V "éčku" chýba jeden 31. Majstrovstvá Európy basketbalistiek v Taliansku

Bibliographic Details
Format: Article
Language:Slovak
PhysicalDescription:Tab.
ISSN:0139-7001
Subjects:

MARC

LEADER 00000nab a2200000 ar4500
001 vtls009147528
003 SK-MaSNL
005 20260303044041.0
008 050913c20071002xo dr|p|||||||000 b|slo
015 |a SNBRB2007/10  |2 snkbucl 
038 |a SNKBUCL 
040 |a SNKBUCL  |b slo  |c SNKBUCL  |e AACR2 
041 0 |a slo 
044 |a xo  |c SK 
080 |a 796.323.2.093.1  |x (4)  |2 2001 
245 0 0 |a V "éčku" chýba jeden  |b 31. Majstrovstvá Európy basketbalistiek v Taliansku 
300 |b Tab. 
611 2 7 |a Majstrovstvá Európy basketbalistiek  |n (31. :  |d 2007 :  |c Taliansko)  |2 snkbucl  |9 1032174 
650 0 7 |a ženy  |2 snkbucl  |9 4865 
650 0 7 |a basketbal  |2 snkbucl  |9 3290 
773 0 |t Šport  |g Roč. 61, č. 226 (2.10.2007), s. 38  |x 0139-7001 
852 |a SNK  |b KIS3GCP 
999 |c 1699113  |d 1701043